00514nam a2200193 a 4500001001300000003000900013005001700022008004100039020001000080082001600090100002000106245004800126260003800174300000900212500003500221505002100256650002300277700002000300nice12345678IN_TiNIC20260116012019.0050524s1960 laha grp 000 0 eng  ac10000a181.07bIQB aIqbal, Mohammad aReconstruction of Religous Thought in Islam aLahorebSh. Muhammad Ashrafc1960 a199p aincludes index and biblioraphy2 abibl, Ref. Index aPhilosophy-Islamic1 aIqbal, Mohammad